Famous Movie Children Quiz Stats

 Plays Quiz Updated Jan 20, 2019

Support Sporcle.
Go Orange.
Score 0/25 Timer 04:00
0 Plays Today
Image Movie % Correct
2The Karate Kid
94%
4Annie
90.3%
6The Sixth Sense
80.3%
15E.T. the Extra-Terrestrial
69.8%
18The Shining
68.4%
12The Goonies
67.6%
13My Girl
57.8%
10Mary Poppins
57.1%
17Spy Kids 3
56.6%
24Stand By Me
52.3%
16Temple of Doom
49.8%
5Where the Wild Things Are
49.1%
19The Hangover
41.9%
Image Movie % Correct
7The Lovely Bones
34.7%
25The NeverEnding Story
32.5%
9The Grudge
31.8%
3Super 8
31.2%
8Hugo
31%
21Miracle on 34th Street
26.8%
1Schindler's List
25.3%
22Children of the Corn
23%
11Pan's Labyrinth
19%
14Moonrise Kingdom
17.1%
23The Holy Grail
15.8%
20Aliens
15%

From the Vault

Diagon Alley Apparition Race

by bhenderson79

Don't take a wrong turn or you might find yourself in Knockturn Alley.
Remove Ads.
Support Sporcle.
Get the best of Sporcle when you Go Orange. This ad-free experience offers more features, more stats, and more fun while also helping to support Sporcle. Thank you for becoming a member.

Show Comments

Extras

Top Quizzes Today


Score Distribution

Your Account Isn't Verified!

In order to create a playlist on Sporcle, you need to verify the email address you used during registration. Go to your Sporcle Settings to finish the process.

Report this User

Report this user for behavior that violates our Community Guidelines.

Details: